Utwory Marii Konopnickiej - nagła śmierć - Statystyki

Ogólne statystyki
  • Ten quiz został rozwiązany 133 razy
  • Średni wynik to 6 z 9
Answers on the Grid
Answers color-coded by a green-red scale on the quiz's grid according to % correct below.
,,Rota"
,,Mendel Gdański"
,,Nasza szkapa"
,,Pan Balcer w Brazylii"
,,W zimowy poranek"
,,Memu miastu"
,,Kaliszowi"
,,Na jagody"
,,Dym"
,,Nad Niemnem"
,,Ogniem i mieczem"
,,Mazurek Dąbrowskiego"
,,Folwark zwierzęcy"
,,Romantyczność"
,,Emancypantki"
 
Statystyki odpowiedzi
Odpowiedź % Poprawnych
,,Rota"
87%
,,Mendel Gdański"
71%
,,Nasza szkapa"
68%
,,Na jagody"
62%
,,Dym"
55%
,,Pan Balcer w Brazylii"
55%
,,Kaliszowi"
51%
,,W zimowy poranek"
51%
,,Memu miastu"
50%
Nie znaleziono quizów pasujących do podanych kryteriów
Rozkład punktacji
Procent ludzi z każdym wynikiem
Percentyl według liczby udzielonych odpowiedzi
Twoja historia wyników
Nie rozwiązałeś tego quizu